000 00463nam a2200145Ia 4500
008 100122s9999 xx 000 0 und d
082 _b36952
_a823
100 _aरांगणेकर कुमुदिनी
245 _aदेखणा बहाणा
260 _bराजंेद्र पब्लिकेशन
_c1905
300 _a216
630 _aदेखणा बहाणा
730 _aदेखणा बहाणा
942 _cBOOK
999 _c419535
_d419532